Тень заветного эскадрона: повести и рассказы

Bibliografiske detaljer
Hovedforfatter: Прохватилов В. А. Валерий Алексеевич
Andre forfattere: Мишин В. А. (иллюстратор)
Summary:Исключено из фонда НТБ ТПУ
Sprog:russisk
Udgivet: Ленинград, Лениздат, 1989
Format: MixedMaterials Bog
KOHA link:https://koha.lib.tpu.ru/cgi-bin/koha/opac-detail.pl?biblionumber=147774

MARC

LEADER 00000nam0a2200000 4500
001 147774
005 20231031145153.0
010 |a 5289004394 
020 |a RU  |b 89-20867 
035 |a (RuTPU)RU\TPU\book\160164 
090 |a 147774 
100 |a 20081120d1989 m y0rusy5003 ca 
101 0 |a rus 
102 |a RU 
105 |a a z 000ay 
200 1 |a Тень заветного эскадрона  |e повести и рассказы  |f В. А. Прохватилов  |g худож. В. А. Мишин 
210 |a Ленинград  |c Лениздат  |d 1989 
215 |a 394,[2] с.  |c ил. 
333 |a Исключено из фонда НТБ ТПУ 
700 1 |a Прохватилов  |b В. А.  |g Валерий Алексеевич 
702 1 |a Мишин  |b В. А.  |4 440 
801 0 |a RU  |b RuMRKP  |c 19950417  |g psbo 
801 1 |a RU  |b 63413507  |c 20081120  |g PSBO 
801 2 |a RU  |b 63413507  |c 20220516  |g PSBO 
942 |c BK